Fundamentals of marketing / (Record no. 76087)
[ view plain ]
| 000 -LEADER | |
|---|---|
| fixed length control field | 00818nam a2200265 a 4500 |
| 001 - CONTROL NUMBER | |
| control field | 76087 |
| 003 - CONTROL NUMBER IDENTIFIER | |
| rucl marc code | BD-RjUL |
| 005 - DATE AND TIME OF LATEST TRANSACTION | |
| control field | 20211209082803.0 |
| 008 - FIXED-LENGTH DATA ELEMENTS--GENERAL INFORMATION | |
| fixed length control field | 191025r19711964nyua b 001 0 eng |
| 035 ## - SYSTEM CONTROL NUMBER | |
| System control number | (BD-RjUL)76307 |
| 040 ## - CATALOGING SOURCE | |
| Original cataloging agency | DLC |
| Transcribing agency | DLC |
| Modifying agency | BD-RjUL |
| Language of cataloging | eng |
| 041 ## - LANGUAGE CODE | |
| Language code of text/sound track or separate title | eng |
| 082 00 - DEWEY DECIMAL CLASSIFICATION NUMBER | |
| Classification number | 658.8 |
| Edition number | 23 |
| Author mark and year | STF 1971 |
| 100 1# - MAIN ENTRY--PERSONAL NAME | |
| Personal name | Stanton, William J. |
| 9 (RLIN) | 164017 |
| 245 10 - TITLE STATEMENT | |
| Title | Fundamentals of marketing / |
| Statement of responsibility, etc. | William J. Stanton. |
| 250 ## - EDITION STATEMENT | |
| Edition statement | Third edition. |
| 260 ## - PUBLICATION, DISTRIBUTION, ETC. (IMPRINT) | |
| Place of publication, distribution, etc. | New York : |
| Name of publisher, distributor, etc. | McGraw-Hill, |
| Date of publication, distribution, etc. | c1964 [ reprinted 1971 ] |
| 300 ## - PHYSICAL DESCRIPTION | |
| Pagination | xvii, 729 p. : |
| Illustrations | ill. ; |
| Size | 25 cm. |
| 490 0# - SERIES STATEMENT | |
| Series statement | McGraw-Hill series in marketing |
| 504 ## - BIBLIOGRAPHY, ETC. NOTE | |
| Bibliography, etc | Includes bibliographical references and indexes. |
| 650 #0 - SUBJECT ADDED ENTRY--TOPICAL TERM | |
| Topical term or geographic name as entry element | Marketing. |
| 9 (RLIN) | 164018 |
| Topical term or geographic name as entry element | Marketing |
| 9 (RLIN) | 164018 |
| 830 ## - SERIES ADDED ENTRY--UNIFORM TITLE | |
| Uniform title | McGraw-Hill series in marketing |
| 942 ## - ADDED ENTRY ELEMENTS (KOHA) | |
| Source of classification or shelving scheme | Dewey Decimal Classification |
| Koha item type | Books |
| Lost status | Source of classification or shelving scheme | Damaged status | Not for loan | Collection code | Permanent Location | Current Location | Shelving location | Date acquired | Total Checkouts | Full call number | Date last seen | Copy number | Koha item type | Source of acquisition |
|---|---|---|---|---|---|---|---|---|---|---|---|---|---|---|
| Dewey Decimal Classification | Non-fiction | Central Library, University of Rajshahi | Central Library, University of Rajshahi | 22/10/2019 | 658.8 STF 1971 | 22/10/2019 | C-1 | Books | ||||||
| Dewey Decimal Classification | Non-fiction | Central Library, University of Rajshahi | Central Library, University of Rajshahi | 22/10/2019 | 658.8 STF 1971 | 22/10/2019 | C-2 | Books | ||||||
| Dewey Decimal Classification | Non-fiction | Central Library, University of Rajshahi | Central Library, University of Rajshahi | 22/10/2019 | 658.8 STF 1971 | 22/10/2019 | C-3 | Books | ||||||
| Dewey Decimal Classification | Non-fiction | Central Library, University of Rajshahi | Central Library, University of Rajshahi | 22/10/2019 | 658.8 STF 1971 | 22/10/2019 | C-4 | Books | ||||||
| Dewey Decimal Classification | Non-fiction | Central Library, University of Rajshahi | Central Library, University of Rajshahi | 24/10/2019 | 658.8 STF 1971 | 24/10/2019 | C-5 | Books | ||||||
| Dewey Decimal Classification | Non-fiction | Central Library, University of Rajshahi | Central Library, University of Rajshahi | 24/10/2019 | 658.8 STF 1971 | 24/10/2019 | C-6 | Books | ||||||
| Dewey Decimal Classification | Non-fiction | Central Library, University of Rajshahi | Central Library, University of Rajshahi | 24/10/2019 | 658.8 STF 1971 | 24/10/2019 | C-8 | Books | ||||||
| Dewey Decimal Classification | Non-fiction | Central Library, University of Rajshahi | Central Library, University of Rajshahi | 24/10/2019 | 658.8 STF 1971 | 24/10/2019 | C-7 | Books | ||||||
| Dewey Decimal Classification | Non-fiction | Central Library, University of Rajshahi | Central Library, University of Rajshahi | 24/10/2019 | 658.8 STF 1971 | 24/10/2019 | C-9 | Books | ||||||
| Dewey Decimal Classification | Non-fiction | Central Library, University of Rajshahi | Central Library, University of Rajshahi | 14/12/1974 | 658.8 STF 1971 | 24/10/2019 | C-10 | Books | jonathan wren & Co. London |